[Event "Outaouais-ch"]
[Site "Gatineau CAN"]
[Date "2021.10.06"]
[Round "5"]
[White "Latreille, Etienne"]
[Black "Medeiros, Joshua"]
[Result "1-0"]
[WhiteElo "2187"]
[BlackElo "1884"]
[PlyCount "183"]
[EventDate "2021.09.08"]
[EventType "tourn"]
[EventRounds "7"]
[EventCountry "CAN"]

1. e4 e6 2. d4 d5 3. Nd2 dxe4 4. Nxe4 Nd7 5. Nf3 Ngf6 6. Nxf6+ Nxf6 7. Be2 c5
8. c3 cxd4 9. cxd4 Bb4+ 10. Bd2 Qa5 11. O-O Bxd2 12. Nxd2 Bd7 13. Nc4 Qb4 14.
a3 Qe7 15. Ne5 O-O 16. Bf3 Nd5 17. Re1 Qd6 18. Nc4 Qa6 19. Rc1 Rac8 20. Be2 Nf4
21. Bf1 Bb5 22. b3 Bxc4 23. bxc4 Qd6 24. Qd2 Rfd8 25. g3 Ng6 26. Red1 Qxa3 27.
Ra1 Qd6 28. Rxa7 Rd7 29. Qe3 Qb6 30. d5 Qxe3 31. fxe3 Rcd8 32. e4 f5 33. exf5
exf5 34. Rb1 Rb8 35. Bg2 Ne7 36. Ra4 Kf7 37. Kf2 Kf6 38. Ke3 Ke5 39. Rb6 Rd6
40. Rxd6 Kxd6 41. Kd4 b6 42. Ra6 Kc7 43. c5 bxc5+ 44. Kxc5 Nc8 45. d6+ Nxd6 46.
Rc6+ Kd7 47. Rxd6+ Ke7 48. Rd2 Kf6 49. Rf2 Kg5 50. Kd4 Re8 51. Rf4 g6 52. h4+
Kh6 53. g4 fxg4 54. Rxg4 Re7 55. Be4 Kh5 56. Bf3 Kh6 57. Rg5 Re1 58. Be4 Re2
59. Bg2 Re7 60. Kd3 Re6 61. Be4 Ra6 62. Ke3 Rf6 63. Ra5 Rf7 64. Bf3 Rf6 65. Kf2
Rb6 66. Kg3 Rf6 67. Kg4 Rd6 68. Be4 Re6 69. Bf3 Rf6 70. Re5 Rd6 71. Be4 Rf6 72.
h5 gxh5+ 73. Rxh5+ Kg7 74. Rxh7+ Kf8 75. Kg5 Rf7 76. Rh6 Rg7+ 77. Kf6 Rf7+ 78.
Ke6 Re7+ 79. Kd5 Rd7+ 80. Kc6 Rd2 81. Rh7 Kg8 82. Rb7 Rd4 83. Bd5+ Kh8 84. Kd6
Rf4 85. Be6 Rf2 86. Ke5 Rf1 87. Bf5 Ra1 88. Kf6 Ra6+ 89. Be6 Ra8 90. Kg6 Rg8+
91. Bxg8 Kxg8 92. Rb8# 1-0

[Event "Outaouais-ch"]
[Site "Gatineau CAN"]
[Date "2021.10.06"]
[Round "5"]
[White "Masse-Garneau, Anthony"]
[Black "Arsenault, Michel"]
[Result "0-1"]
[WhiteElo "1903"]
[BlackElo "1881"]
[PlyCount "92"]
[EventDate "2021.09.08"]
[EventType "tourn"]
[EventRounds "7"]
[EventCountry "CAN"]

1. d4 Nf6 2. c4 e6 3. Nf3 b6 4. g3 Bb7 5. Bg2 Be7 6. O-O O-O 7. Nc3 d5 8. cxd5
exd5 9. Bg5 h6 10. Bf4 Bd6 11. Bxd6 Qxd6 12. Rc1 c6 13. Qc2 Nbd7 14. Nh4 Rfe8
15. Rfe1 a6 16. Qd3 Rad8 17. Nf5 Qf8 18. e4 dxe4 19. Nxe4 Nxe4 20. Rxe4 Rxe4
21. Qxe4 Re8 22. Qc2 Nf6 23. h3 Re6 24. Ne3 Qe7 25. Qb3 b5 26. Qc3 Ne4 27. Bxe4
Rxe4 28. Re1 Qd7 29. Nc2 Qd5 30. Rxe4 Qxe4 31. Qc5 Bc8 32. Qe5 Qxe5 33. dxe5
Bxh3 34. Nb4 Be6 35. Nxc6 Bxa2 36. Nb4 Bc4 37. Nxa6 g5 38. f3 Kg7 39. Kf2 h5
40. Nc5 Bd5 41. Nd3 Kg6 42. g4 h4 43. Ke3 f5 44. exf6 Kxf6 45. f4 h3 46. f5 h2
0-1

[Event "Outaouais-ch"]
[Site "Gatineau CAN"]
[Date "2021.10.13"]
[Round "6"]
[White "Desjardins, Michel"]
[Black "Masse-Garneau, Anthony"]
[Result "1/2-1/2"]
[WhiteElo "1918"]
[BlackElo "1903"]
[PlyCount "33"]
[EventDate "2021.09.08"]
[EventType "tourn"]
[EventRounds "7"]
[EventCountry "CAN"]

1. e4 c5 2. Nf3 e6 3. d3 Nc6 4. g3 d5 5. Nbd2 Bd6 6. Bg2 Nge7 7. O-O O-O 8. Re1
Ng6 9. h4 d4 10. h5 Nge5 11. h6 g6 12. Nh2 Nd7 13. Nc4 Bc7 14. a4 e5 15. Nf3
Nb6 16. Nxb6 Bxb6 17. Nh2 1/2-1/2

[Event "Outaouais-ch"]
[Site "Gatineau CAN"]
[Date "2021.10.13"]
[Round "6"]
[White "Dupont-Mageau, Nicolas"]
[Black "Arsenault, Michel"]
[Result "0-1"]
[WhiteElo "1975"]
[BlackElo "1881"]
[PlyCount "106"]
[EventDate "2021.09.08"]
[EventType "tourn"]
[EventRounds "7"]
[EventCountry "CAN"]

1. e4 c5 2. Nc3 Nc6 3. f4 g6 4. Nf3 Bg7 5. Bb5 Nd4 6. O-O Nxb5 7. Nxb5 d5 8.
exd5 a6 9. Nc3 Nf6 10. d3 Nxd5 11. Ne4 Qc7 12. Qe1 O-O 13. Qh4 c4 14. f5 gxf5
15. Ng3 cxd3 16. Nh5 Qb6+ 17. Kh1 Qg6 18. Nxg7 Kxg7 19. Qd4+ Nf6 20. Ne5 Qh5
21. Nxd3 Be6 22. Nf4 Qg4 23. h3 Rfd8 24. Qxd8 Qxf4 25. Bxf4 Rxd8 26. Be5 Rd2
27. Rac1 Bd5 28. Rg1 Kg6 29. Bxf6 Kxf6 30. Rcd1 Bxg2+ 31. Kh2 Rxd1 32. Rxd1 Bc6
33. Kg3 e5 34. Rd6+ Kg5 35. h4+ Kh5 36. Rf6 f4+ 37. Kh3 Bd7+ 38. Kg2 Be6 39.
Kf3 Kxh4 40. Rh6+ Kg5 41. Rxh7 Bd5+ 42. Kf2 e4 43. b3 e3+ 44. Ke2 Kf5 45. Rh8
Ke4 46. Re8+ Be6 47. Re7 f3+ 48. Ke1 Kf4 49. Rxb7 f2+ 50. Ke2 Bg4+ 51. Kd3
f1=Q+ 52. Kd4 Qd1+ 53. Kc3 Be6 0-1

[Event "Outaouais-ch"]
[Site "Gatineau CAN"]
[Date "2021.10.13"]
[Round "6"]
[White "Fang, Zhou"]
[Black "Latreille, Etienne"]
[Result "1-0"]
[WhiteElo "2121"]
[BlackElo "2187"]
[PlyCount "69"]
[EventDate "2021.09.08"]
[EventType "tourn"]
[EventRounds "7"]
[EventCountry "CAN"]

1. d4 d5 2. Bf4 Nf6 3. e3 Bf5 4. Bd3 Bg6 5. Nf3 Nbd7 6. Ne5 e6 7. g4 Nxe5 8.
dxe5 Ne4 9. h4 Be7 10. g5 h6 11. Rg1 hxg5 12. Bxg5 Bh5 13. Be2 Bxe2 14. Qxe2 c6
15. Nd2 Nxg5 16. hxg5 Bxg5 17. O-O-O Bh6 18. Nc4 Qc7 19. Nd6+ Kf8 20. Qg4 Rd8
21. Qb4 Rxd6 22. exd6 Qd7 23. c4 Kg8 24. Rh1 g6 25. Rh3 e5 26. Rg3 Bf8 27. c5
b6 28. Qg4 Qd8 29. Qg5 Qd7 30. b4 bxc5 31. bxc5 e4 32. Qe5 Qb7 33. Rdg1 Rh7 34.
Qe8 Rg7 35. d7 1-0

[Event "Outaouais-ch"]
[Site "Gatineau CAN"]
[Date "2021.10.20"]
[Round "7"]
[White "Latreille, Etienne"]
[Black "Dupont-Mageau, Nicolas"]
[Result "1/2-1/2"]
[WhiteElo "2187"]
[BlackElo "1975"]
[PlyCount "74"]
[EventDate "2021.09.08"]
[EventType "tourn"]
[EventRounds "7"]
[EventCountry "CAN"]

1. e4 c5 2. Nf3 a6 3. c3 Nf6 4. e5 Nd5 5. Bc4 Nb6 6. Bb3 e6 7. O-O Nc6 8. d4 c4
9. Bc2 d5 10. Ng5 Be7 11. Nh3 f5 12. exf6 gxf6 13. Qh5+ Kd7 14. Bf4 Bd6 15. Re1
Kc7 16. Nd2 Qe7 17. b3 Bd7 18. bxc4 dxc4 19. Rab1 Rag8 20. Qc5 Nc8 21. Ne4 e5
22. Nxd6 Qxd6 23. Qxd6+ Nxd6 24. dxe5 fxe5 25. Bg3 h5 26. Kf1 Nf7 27. f4 Bxh3
28. gxh3 h4 29. Bf2 exf4 30. Re4 f3 31. Bxh4 Rg2 32. Bg3+ Rxg3 33. hxg3 Rxh3
34. Bd1 Rxg3 35. Rxc4 Nfe5 36. Rh4 Nd3 37. Rh7+ Kd6 1/2-1/2

[Event "Outaouais-ch"]
[Site "Gatineau CAN"]
[Date "2021.10.20"]
[Round "7"]
[White "Masse-Garneau, Anthony"]
[Black "Medeiros, Joshua"]
[Result "0-1"]
[WhiteElo "1903"]
[BlackElo "1884"]
[PlyCount "46"]
[EventDate "2021.09.08"]
[EventType "tourn"]
[EventRounds "7"]
[EventCountry "CAN"]

1. d4 f5 2. Nf3 Nf6 3. e3 e6 4. Be2 Be7 5. O-O O-O 6. c4 d6 7. b3 b6 8. Bb2 Bb7
9. Nbd2 Qe8 10. Re1 Qg6 11. Bf1 Ne4 12. g3 h5 13. Bg2 h4 14. Qe2 hxg3 15. hxg3
Kf7 16. Rac1 Rh8 17. c5 Qh6 18. cxd6 Bxd6 19. Nc4 Bxg3 20. fxg3 Nxg3 21. Qf2
Ne4 22. Nfe5+ Kg8 23. Bxe4 Qh1+ 0-1

[Event "Outaouais-ch U20 Online"]
[Site "Gatineau CAN"]
[Date "2021.08.21"]
[Round "1"]
[White "Fang, Zhou"]
[Black "Azar, Sebastien"]
[Result "1-0"]
[WhiteElo "1538"]
[BlackElo "1876"]
[PlyCount "78"]
[EventDate "2021.08.21"]
[EventType "tourn"]
[EventRounds "5"]
[EventCountry "CAN"]

1. e4 c6 2. d4 d5 3. e5 Bf5 4. h4 h5 5. Bd3 Bxd3 6. Qxd3 e6 7. Be3 Qa5+ 8. Nd2
Qa6 9. Qe2 Ne7 10. c3 Nf5 11. b4 Be7 12. Ngf3 Qxe2+ 13. Kxe2 Nd7 14. Rag1 f6
15. Nb3 b6 16. g4 hxg4 17. Rxg4 Kf7 18. h5 a5 19. bxa5 bxa5 20. exf6 gxf6 21.
Nh4 Nxe3 22. fxe3 f5 23. Rgg1 Rxh5 24. Nf3 Rxh1 25. Rxh1 a4 26. Rh7+ Kg8 27.
Rxe7 axb3 28. axb3 Ra2+ 29. Kd3 Nf6 30. Rxe6 Ne4 31. c4 Rf2 32. Rxc6 dxc4+ 33.
bxc4 Rxf3 34. Rg6+ Kf7 35. Rg2 Nf2+ 36. Ke2 Rh3 37. Rxf2 Ke6 38. Kd3 Rh1 39.
Ra2 Rd1+ 1-0

[Event "Outaouais-ch U20 Online"]
[Site "Gatineau CAN"]
[Date "2021.08.21"]
[Round "2"]
[White "Fang, Zhou"]
[Black "Stoilov, Vadym"]
[Result "1-0"]
[WhiteElo "1538"]
[BlackElo "1624"]
[PlyCount "41"]
[EventDate "2021.08.21"]
[EventType "tourn"]
[EventRounds "5"]
[EventCountry "CAN"]

1. e4 c5 2. Nf3 d6 3. d4 cxd4 4. Nxd4 Nf6 5. Nc3 a6 6. Bg5 e6 7. f4 Be7 8. Qf3
Qc7 9. O-O-O Nbd7 10. g4 h6 11. Bxf6 Nxf6 12. h4 b5 13. g5 Nd7 14. Qh5 g6 15.
Qf3 Bb7 16. h5 b4 17. hxg6 bxc3 18. gxf7+ Kxf7 19. Qh5+ Kg8 20. Qg6+ Kf8 21.
Nxe6# 1-0

[Event "Outaouais-ch U20 Online"]
[Site "Gatineau CAN"]
[Date "2021.08.21"]
[Round "3"]
[White "Latreille, Etienne"]
[Black "Stoilov, Vadym"]
[Result "1-0"]
[WhiteElo "1875"]
[BlackElo "1624"]
[PlyCount "93"]
[EventDate "2021.08.21"]
[EventType "tourn"]
[EventRounds "5"]
[EventCountry "CAN"]

1. d4 d5 2. Nc3 Nf6 3. Bf4 a6 4. e3 b6 5. Be2 Bb7 6. Nf3 e6 7. O-O Bd6 8. Ne5
Nbd7 9. Bg3 O-O 10. f4 c5 11. Bh4 Be7 12. Rf3 Nxe5 13. fxe5 Ne4 14. Bxe7 Qxe7
15. Nxe4 dxe4 16. Rf4 f5 17. exf6 gxf6 18. c3 e5 19. Qb3+ Kh8 20. dxe5 Qxe5 21.
Raf1 b5 22. a4 c4 23. Qb4 Rad8 24. Bxc4 Bc6 25. axb5 Bxb5 26. Bxb5 axb5 27.
Qxe4 Qxe4 28. Rxe4 Rd2 29. Rb4 Re2 30. g3 Rxe3 31. Rxb5 Re2 32. Rf2 Rfe8 33.
Rb7 R8e7 34. Rxe7 Rxe7 35. Rxf6 Kg7 36. Rf2 Re1+ 37. Kg2 Kg6 38. Rc2 Kf5 39. c4
Ke4 40. c5 Kd3 41. Rc3+ Kd4 42. c6 Re2+ 43. Kh3 Rxb2 44. c7 Kxc3 45. c8=Q+ Kd3
46. Qf5+ Ke3 47. Qe5+ 1-0

[Event "Outaouais-ch U20 Online"]
[Site "Gatineau CAN"]
[Date "2021.08.22"]
[Round "4"]
[White "Azar, Sebastien"]
[Black "Latreille, Etienne"]
[Result "1-0"]
[WhiteElo "1876"]
[BlackElo "1875"]
[PlyCount "125"]
[EventDate "2021.08.21"]
[EventType "tourn"]
[EventRounds "5"]
[EventCountry "CAN"]

1. e4 c5 2. Nf3 d6 3. d4 cxd4 4. Nxd4 Nf6 5. Nc3 g6 6. Be3 Bg7 7. Qd2 Nc6 8. f3
O-O 9. Bc4 Nxd4 10. Bxd4 Be6 11. Be2 Qa5 12. O-O Rfc8 13. Rad1 Qd8 14. Qe3 Bc4
15. Bxa7 Nd7 16. Bxc4 Rxc4 17. Nd5 Rxc2 18. Bd4 Bxd4 19. Qxd4 e5 20. Qb4 Rxa2
21. Rb1 Qg5 22. Rf2 Rxf2 23. Kxf2 Nc5 24. Kg1 Qd8 25. Nc3 Ra6 26. Qc4 Qb6 27.
Kh1 Qb3 28. Qe2 Ne6 29. Nd5 Nf4 30. Nxf4 exf4 31. Qd2 Qe3 32. Qd5 Rc6 33. Qd1
h5 34. Ra1 g5 35. h3 Qf2 36. Qd5 Qc5 37. Qd2 b5 38. Qa5 Rc8 39. Rd1 g4 40. hxg4
hxg4 41. Rd5 Qc1+ 42. Kh2 Qxb2 43. Rxb5 g3+ 44. Kh3 Qf6 45. Rf5 Qe6 46. Kh4
Qh6+ 47. Rh5 Qf6+ 48. Qg5+ Qxg5+ 49. Rxg5+ Kf8 50. Rd5 Rc2 51. Kh3 Ke7 52. Rf5
Rc5 53. Rxf4 d5 54. Rf5 Ke6 55. Kxg3 f6 56. Kf4 Rc2 57. exd5+ Ke7 58. g4 Rd2
59. Rh5 Rd1 60. Rh7+ Kd6 61. Rf7 Rxd5 62. Rxf6+ Ke7 63. Ra6 1-0

[Event "Outaouais-ch U20 Online"]
[Site "Gatineau CAN"]
[Date "2021.08.22"]
[Round "5"]
[White "Azar, Sebastien"]
[Black "Stoilov, Vadym"]
[Result "1-0"]
[WhiteElo "1876"]
[BlackElo "1624"]
[PlyCount "95"]
[EventDate "2021.08.21"]
[EventType "tourn"]
[EventRounds "5"]
[EventCountry "CAN"]

1. e4 c5 2. c3 d5 3. exd5 Qxd5 4. d4 e6 5. Nf3 Nc6 6. Be2 cxd4 7. cxd4 Nf6 8.
O-O g6 9. Nc3 Qd8 10. Bf4 a6 11. Rc1 Bg7 12. Qd2 O-O 13. Rfd1 b5 14. a4 b4 15.
Na2 Qb6 16. Be3 Nd5 17. Bh6 Bb7 18. Bxg7 Kxg7 19. Rc5 Na5 20. Nc1 Rac8 21. Ne5
Rfd8 22. Rxc8 Bxc8 23. Bf3 f6 24. Ng4 g5 25. Ne2 Bb7 26. h4 h5 27. Nxf6 Nxf6
28. Qxg5+ Kf7 29. Bxh5+ Nxh5 30. Qxh5+ Ke7 31. Qh7+ Kd6 32. Nf4 Rd7 33. Qg8 Bd5
34. Rc1 Nc6 35. Rd1 Nxd4 36. h5 Rd8 37. Qg5 Rf8 38. Ng6 Ne2+ 39. Kh1 Qxf2 40.
Qe7+ Kc6 41. Nh4 Nf4 42. Rc1+ Bc4 43. Rxc4+ Kd5 44. Rc1 Ne2 45. Qb7+ Ke5 46.
Ng6+ Kf6 47. Qe7+ Kf5 48. Qxf8+ 1-0

[Event "Outaouais-ch U20 Online"]
[Site "Gatineau CAN"]
[Date "2021.08.22"]
[Round "5"]
[White "Latreille, Etienne"]
[Black "Fang, Zhou"]
[Result "1/2-1/2"]
[WhiteElo "1875"]
[BlackElo "1538"]
[PlyCount "84"]
[EventDate "2021.08.21"]
[EventType "tourn"]
[EventRounds "5"]
[EventCountry "CAN"]

1. d4 Nf6 2. Nc3 d5 3. Bf4 c5 4. e3 cxd4 5. exd4 a6 6. Nf3 Nc6 7. Be2 Bg4 8.
O-O e6 9. Ne5 Bxe2 10. Nxe2 Nxe5 11. Bxe5 Bd6 12. f4 O-O 13. Ng3 Ne4 14. Nxe4
dxe4 15. c3 f5 16. Qb3 Qe7 17. Rae1 Bxe5 18. fxe5 Rae8 19. c4 Rd8 20. Qc3 Qd7
21. Rd1 f4 22. Rfe1 Qc6 23. Qc2 e3 24. Qd3 Rf5 25. d5 Qb6 26. Qd4 Qxd4 27. Rxd4
Rxe5 28. Rxf4 exd5 29. Rd4 Kf7 30. Rxd5 Rexd5 31. cxd5 Rxd5 32. Rxe3 Rd1+ 33.
Kf2 Rd2+ 34. Re2 Rxe2+ 35. Kxe2 Ke6 36. a3 Kd5 37. Kd3 b6 38. b3 g6 39. g3 g5
40. g4 b5 41. b4 h6 42. h3 Ke5 1/2-1/2

[Event "PEI op"]
[Site "Charlottetown CAN"]
[Date "2021.12.04"]
[Round "3.1"]
[White "Manley, Jason"]
[Black "MacKean, Peter"]
[Result "1-0"]
[WhiteElo "2198"]
[BlackElo "2001"]
[PlyCount "93"]
[EventDate "2021.12.04"]
[EventType "swiss"]
[EventRounds "5"]
[EventCountry "CAN"]

1. e4 e6 2. d4 d5 3. e5 c5 4. c3 Nc6 5. Nf3 f6 6. exf6 Nxf6 7. Bg5 cxd4 8. cxd4
Bb4+ 9. Nbd2 Bd7 10. Bd3 Qb6 11. O-O Nxd4 12. Nxd4 Qxd4 13. Nf3 Qb6 14. Ne5 Ke7
15. Qg4 Rag8 16. Bxh7 Rxh7 17. Bxf6+ gxf6 18. Qxg8 fxe5 19. Qxh7+ Kd6 20. Rac1
Bc5 21. Qh8 Ke7 22. Qxe5 Bd4 23. Qg5+ Bf6 24. Qd2 Bc6 25. a3 Qxb2 26. Qxb2 Bxb2
27. Rb1 Bxa3 28. h4 Bc5 29. Rfc1 Bd4 30. Rb4 e5 31. Kf1 a5 32. Rxb7+ Bxb7 33.
Rc7+ Kd6 34. Rxb7 Kc6 35. Rb8 a4 36. Ra8 Kb5 37. h5 Kb4 38. h6 e4 39. h7 a3 40.
h8=Q Bxh8 41. Rxh8 d4 42. Ke2 Kc3 43. Ra8 Kb2 44. Kd2 a2 45. g4 a1=Q 46. Rxa1
Kxa1 47. g5 1-0

[Event "PEI op"]
[Site "Charlottetown CAN"]
[Date "2021.12.05"]
[Round "5"]
[White "Manley, Jason"]
[Black "McKim, Fred"]
[Result "0-1"]
[WhiteElo "2198"]
[BlackElo "1990"]
[PlyCount "164"]
[EventDate "2021.12.04"]
[EventType "swiss"]
[EventRounds "5"]
[EventCountry "CAN"]

1. e4 e5 2. Nf3 Nc6 3. Bc4 Be7 4. c3 Nf6 5. d3 d6 6. O-O h6 7. h3 O-O 8. b4 a6
9. a4 Be6 10. Bxe6 fxe6 11. Qb3 Qd7 12. Na3 Nd8 13. Nc4 Nf7 14. Be3 Nh5 15.
Rfd1 Bg5 16. d4 Bxe3 17. Nxe3 exd4 18. Nxd4 Rae8 19. f3 Qe7 20. Ng4 Nf4 21. Qa2
Ne5 22. Nf5 Qg5 23. h4 Qg6 24. Nxe5 dxe5 25. Rd7 Rf7 26. Rxf7 Qxf7 27. Ne3 Rd8
28. Ng4 Ng6 29. Qf2 h5 30. Ne3 Rd3 31. Qe1 Qf4 32. Nf1 Nxh4 33. Rd1 Qg5 34.
Qxh4 Qxh4 35. Rxd3 Qe1 36. a5 Kf8 37. Re3 Qb1 38. Kf2 h4 39. Ke2 c5 40. bxc5
Qb5+ 41. Rd3 Qxc5 42. Ne3 Qxa5 43. Kd2 Qa1 44. Rd8+ Ke7 45. Rb8 Qb2+ 46. Kd3
Qb1+ 47. Kd2 a5 48. Ra8 Qb2+ 49. Kd3 b6 50. Ra7+ Kf8 51. Nc2 Qb5+ 52. Kd2 Qc4
53. Ne3 Qa2+ 54. Kd3 b5 55. Ra6 a4 56. Nc2 Qc4+ 57. Kd2 Qf1 58. Ne3 Qf2+ 59.
Kd3 Kf7 60. Ra5 Qb2 61. Nc2 Qb3 62. Kd2 Qc4 63. Ne3 Qc6 64. Ra7+ Kg6 65. Ng4
Qc5 66. Ra6 Kf7 67. Ne3 b4 68. cxb4 Qxb4+ 69. Kd1 Qb3+ 70. Kd2 Qb5 71. Ra7+ Kg8
72. Nc2 Qc5 73. Rxa4 Qf2+ 74. Kd3 Qxg2 75. Ra2 Qxf3+ 76. Ne3 Kf7 77. Ra1 Kg6
78. Rf1 Qg3 79. Ra1 h3 80. Ke2 Kh5 81. Rd1 h2 82. Rd8 Kg5 0-1

[Event "Paul Keres mem. (45th) Online"]
[Site "chess.com"]
[Date "2021.05.22"]
[Round "1.1"]
[White "Kenney, Jason"]
[Black "Basko, Yauheni"]
[Result "1-0"]
[WhiteElo "2270"]
[BlackElo "1589"]
[PlyCount "67"]
[EventDate "2021.05.22"]
[EventType "swiss (rapid)"]
[EventRounds "6"]
[EventCountry "CAN"]

1. d4 Nf6 2. c4 g6 3. Nc3 Bg7 4. e4 d6 5. h3 O-O 6. Be3 Nc6 7. Nge2 e5 8. d5
Ne7 9. g4 Ne8 10. Ng3 f5 11. gxf5 gxf5 12. exf5 Nxf5 13. Nxf5 Bxf5 14. Qd2 Nf6
15. Bg2 Qd7 16. O-O-O Rae8 17. Bg5 Nh5 18. Be4 Nf4 19. f3 a6 20. Rdg1 Kh8 21.
Bxf5 Qxf5 22. Ne4 Nxh3 23. Rg3 Nf4 24. Qh2 Kg8 25. Bxf4 Qxf4+ 26. Kb1 h6 27.
Qh5 Qf5 28. Qxh6 Re7 29. Rg5 Qxf3 30. Qh7+ Kf7 31. Rxg7+ Ke8 32. Rxe7+ Kd8 33.
Rd7+ Kc8 34. Rxc7+ 1-0

[Event "Paul Keres mem. (45th) Online"]
[Site "chess.com"]
[Date "2021.05.22"]
[Round "1.2"]
[White "Imoo, Joshua"]
[Black "McLaren, Brian"]
[Result "1/2-1/2"]
[WhiteElo "1571"]
[BlackElo "2244"]
[PlyCount "106"]
[EventDate "2021.05.22"]
[EventType "swiss (rapid)"]
[EventRounds "6"]
[EventCountry "CAN"]

1. e4 Nf6 2. e5 Nd5 3. d4 d6 4. Nf3 Bg4 5. Be2 c6 6. O-O Bxf3 7. Bxf3 dxe5 8.
dxe5 e6 9. c4 Ne7 10. Qxd8+ Kxd8 11. Be4 Nd7 12. f4 Nf5 13. Bxf5 exf5 14. Be3
Bc5 15. Bxc5 Nxc5 16. Nc3 Ke7 17. Rad1 Rhd8 18. b3 a5 19. Rxd8 Rxd8 20. Rd1
Rxd1+ 21. Nxd1 h6 22. Nf2 g5 23. g3 b5 24. Kf1 Ne6 25. Nd3 a4 26. Ke1 axb3 27.
axb3 Nd4 28. Kf2 Nxb3 29. cxb5 cxb5 30. fxg5 hxg5 31. h4 f6 32. h5 Nd4 33. h6
Kf7 34. exf6 Kxf6 35. Ne5 Ne6 36. Kf3 Nf8 37. Nd3 Kg6 38. g4 fxg4+ 39. Kxg4
Kxh6 40. Ne5 Ne6 41. Kf5 Kh5 42. Kxe6 b4 43. Kf5 b3 44. Nd3 Kh4 45. Ke4 g4 46.
Ke3 g3 47. Ke2 Kh3 48. Nf4+ Kh2 49. Kd2 Kg1 50. Kc3 Kf2 51. Kxb3 Kf3 52. Nh3 g2
53. Kc2 g1=N 1/2-1/2

[Event "Paul Keres mem. (45th) Online"]
[Site "chess.com"]
[Date "2021.05.22"]
[Round "1.3"]
[White "Martin, Andrew"]
[Black "Huang, Patrick"]
[Result "0-1"]
[WhiteElo "1561"]
[BlackElo "2122"]
[PlyCount "104"]
[EventDate "2021.05.22"]
[EventType "swiss (rapid)"]
[EventRounds "6"]
[EventCountry "CAN"]

1. e4 g6 2. d4 Bg7 3. Nf3 d6 4. h3 Nd7 5. Bc4 e6 6. O-O a6 7. c3 Ne7 8. Bg5 h6
9. Be3 O-O 10. Nbd2 b6 11. Re1 Bb7 12. Bd3 c5 13. Nf1 b5 14. Qd2 Kh7 15. Rad1
Qc7 16. N1h2 e5 17. dxe5 Nxe5 18. Nxe5 dxe5 19. Bc2 Rad8 20. Qe2 Qc6 21. f3 Bc8
22. Qf2 c4 23. Qh4 Qf6 24. Qf2 g5 25. Nf1 Ng6 26. Ng3 Nf4 27. Bxf4 gxf4 28. Nf5
Rg8 29. Rd2 Bf8 30. Red1 Rxd2 31. Rxd2 Qc6 32. Kh2 Bc5 33. Qh4 Qg6 34. a3 Be6
35. Qe1 a5 36. Nh4 Qg5 37. Nf5 b4 38. axb4 axb4 39. Re2 b3 40. Bb1 f6 41. Qd2
h5 42. Qe1 Bxf5 43. exf5 Qg3+ 44. Qxg3 fxg3+ 45. Kh1 Rd8 46. Re1 Rd2 47. Be4
Rxb2 48. Bd5 Rc2 49. Bxc4 Rxc3 50. Be2 b2 51. Rb1 Rc1+ 52. Bd1 Rxb1 0-1

[Event "Paul Keres mem. (45th) Online"]
[Site "chess.com"]
[Date "2021.05.22"]
[Round "1.4"]
[White "Haessel, Dale"]
[Black "Mok, Gillian"]
[Result "1-0"]
[WhiteElo "2055"]
[BlackElo "1556"]
[PlyCount "77"]
[EventDate "2021.05.22"]
[EventType "swiss (rapid)"]
[EventRounds "6"]
[EventCountry "CAN"]

1. d4 Nf6 2. c4 g6 3. Nc3 Bg7 4. e4 d6 5. Be2 Nc6 6. Nf3 O-O 7. O-O e5 8. d5
Ne7 9. Ne1 Ne8 10. Be3 f5 11. f3 f4 12. Bf2 Nf6 13. c5 Bd7 14. Rc1 a6 15. Qb3
Rb8 16. cxd6 cxd6 17. Bb6 Qe8 18. Bc7 Ra8 19. Bxd6 Nh5 20. Qxb7 a5 21. Bb5 Bxb5
22. Nxb5 Rf7 23. Nc7 Qc8 24. Qxa8 Qxa8 25. Nxa8 Rf8 26. Bxe7 Rxa8 27. Nd3 Bf8
28. Bxf8 Kxf8 29. Nxe5 Ke7 30. Nd3 Kf6 31. Rc6+ Kg5 32. Rfc1 Rf8 33. R1c5 Kh4
34. d6 g5 35. d7 Rd8 36. Ne5 Ng7 37. Rh6+ Nh5 38. Rxh7 g4 39. Ng6# 1-0

[Event "Paul Keres mem. (45th) Online"]
[Site "chess.com"]
[Date "2021.05.22"]
[Round "1.5"]
[White "Leong, Aiden"]
[Black "Brown, Gabriel"]
[Result "0-1"]
[WhiteElo "1553"]
[BlackElo "2053"]
[PlyCount "66"]
[EventDate "2021.05.22"]
[EventType "swiss (rapid)"]
[EventRounds "6"]
[EventCountry "CAN"]

1. e4 c5 2. Nf3 d6 3. d4 cxd4 4. Nxd4 Nf6 5. Nc3 a6 6. f3 e5 7. Nb3 Be7 8. Be3
Be6 9. Be2 b5 10. Qd2 Nbd7 11. g4 Nb6 12. Na5 Qc7 13. g5 Nfd7 14. a4 Nc4 15.
Nxc4 bxc4 16. Nd5 Bxd5 17. Qxd5 Rc8 18. a5 O-O 19. Ra4 Qb8 20. Bc1 Rc5 21. Qd2
Rfc8 22. Qc3 Qc7 23. Be3 Rc6 24. O-O Nf8 25. h4 Ne6 26. Bb6 Nf4 27. Kf2 Qd7 28.
Bxc4 Qh3 29. Ke1 Qxh4+ 30. Bf2 Qxg5 31. b3 Ne6 32. Rg1 Qc1+ 33. Ke2 Nf4# 0-1

[Event "Paul Keres mem. (45th) Online"]
[Site "chess.com"]
[Date "2021.05.22"]
[Round "1.6"]
[White "Qiu, Peter Yong"]
[Black "Yang, Henry"]
[Result "1-0"]
[WhiteElo "2025"]
[BlackElo "1545"]
[PlyCount "149"]
[EventDate "2021.05.22"]
[EventType "swiss (rapid)"]
[EventRounds "6"]
[EventCountry "CAN"]

1. e4 e5 2. Nf3 Nc6 3. Bb5 a6 4. Ba4 Nf6 5. d3 b5 6. Bb3 Be7 7. a4 Bb7 8. O-O
d6 9. Re1 O-O 10. Nbd2 Re8 11. c3 Nb8 12. Ng5 Rf8 13. Nf1 h6 14. Nf3 Nbd7 15.
Ng3 Re8 16. Nf5 Bf8 17. N3h4 d5 18. axb5 axb5 19. Rxa8 Qxa8 20. exd5 Bxd5 21.
Bxd5 Qxd5 22. Ne3 Qb7 23. Ng4 b4 24. Nf5 bxc3 25. bxc3 Qd5 26. Nfe3 Qb5 27. h3
Nxg4 28. Qxg4 Nf6 29. Qe2 Rd8 30. c4 Qb3 31. Bb2 Bb4 32. Rd1 Bc3 33. Bxc3 Qxc3
34. Nf5 Kh7 35. Ne7 Rd7 36. Nc6 e4 37. d4 Rd6 38. d5 g6 39. Rb1 Rxc6 40. dxc6
Qd4 41. Rb7 Qa1+ 42. Kh2 Qe5+ 43. g3 Qd6 44. Rb1 Qxc6 45. Rc1 Qc5 46. Qe3 Qd6
47. c5 Qd5 48. Qc3 Qf5 49. Rc2 h5 50. Qb3 Kg7 51. Qc3 Kh7 52. Qc4 Kg7 53. c6 g5
54. Qc5 Qg6 55. Qc3 Qf5 56. Qc5 Qg6 57. Rb2 h4 58. g4 e3 59. Qxe3 Ne4 60. Qd4+
Kh7 61. Rb8 Qd6+ 62. Qxd6 Nxd6 63. Ra8 Kg7 64. Ra7 Ne8 65. Kg2 Kf6 66. Ra1 Nd6
67. Kf3 Ke5 68. Rd1 Nb5 69. Ke3 Na7 70. Rd7 Nxc6 71. Rxc7 Nd8 72. Rd7 Ne6 73.
Rxf7 Nf4 74. Rf5+ Ke6 75. Rxf4 1-0

[Event "Paul Keres mem. (45th) Online"]
[Site "chess.com"]
[Date "2021.05.22"]
[Round "1.7"]
[White "Zheng, Yawen"]
[Black "Kot, Emanuel"]
[Result "0-1"]
[WhiteElo "1535"]
[BlackElo "1975"]
[PlyCount "98"]
[EventDate "2021.05.22"]
[EventType "swiss (rapid)"]
[EventRounds "6"]
[EventCountry "CAN"]

1. c4 e5 2. g3 Nf6 3. Bg2 d5 4. cxd5 Nxd5 5. d3 Be7 6. Nf3 Nc6 7. O-O O-O 8.
Bd2 Re8 9. Nc3 Nb6 10. a3 Bf8 11. Qc2 Nd4 12. Nxd4 exd4 13. Ne4 c6 14. Rfe1 Be6
15. Nc5 Rb8 16. a4 Bd6 17. a5 Nd5 18. Nb3 Nb4 19. Qd1 Be7 20. Ra4 Bxb3 21. Qxb3
Na6 22. Qc2 Qd7 23. Rc4 Bf6 24. b4 Nc7 25. Bf4 Be5 26. Bd2 a6 27. Qc1 Nb5 28.
Bf4 Bd6 29. Bxd6 Qxd6 30. Qg5 Re5 31. Qg4 Rbe8 32. h4 f5 33. Qf3 Na3 34. Rcc1
Qxb4 35. Qf4 Nb5 36. e4 Qxa5 37. g4 fxe4 38. Rxe4 Nc3 39. Rxe5 Qxe5 40. Qxe5
Rxe5 41. Kf1 Re7 42. Rc2 c5 43. Rb2 b5 44. Kg1 a5 45. Bc6 b4 46. Kf1 a4 47. f4
a3 48. Rc2 b3 49. Rc1 b2 0-1

[Event "Paul Keres mem. (45th) Online"]
[Site "chess.com"]
[Date "2021.05.22"]
[Round "1.8"]
[White "Wu, Jonathan"]
[Black "Escandor, Manuel Omana"]
[Result "1-0"]
[WhiteElo "1911"]
[BlackElo "1524"]
[PlyCount "45"]
[EventDate "2021.05.22"]
[EventType "swiss (rapid)"]
[EventRounds "6"]
[EventCountry "CAN"]

1. e4 e5 2. Nf3 Nc6 3. d4 exd4 4. Nxd4 Ne5 5. f4 Ng6 6. Nc3 Nf6 7. e5 Ng8 8. g3
Bb4 9. Bg2 d5 10. O-O Bxc3 11. bxc3 N8e7 12. Qe2 Nf5 13. Ba3 Nge7 14. Rae1 O-O
15. Nxf5 Bxf5 16. g4 Bc8 17. f5 Re8 18. e6 fxe6 19. fxe6 Ng6 20. Qf3 Kh8 21. e7
Bxg4 22. exd8=Q Rexd8 23. Qxg4 1-0